Дело о подписке для учебных заведений ведомства Министерства народного просвещения на сочинения господина Сахарова: 1) "Сказание...

Доступно только в Электронных читальных залах Найти на картеНа карте
RUSMARC
00003766nmc2a22002413x 450
001449ee79a-2ca0-42fb-9641-0995d2cccc3c
00520251023234751.0
100##$a20250424l18491851k l0rusy0189 ca
1010#$arus
102##$aRU
105##$ay###
1222#$ad
2001#$aДело о подписке для учебных заведений ведомства Министерства народного просвещения на сочинения господина Сахарова: 1) "Сказание русского народа", 2) "Обозрение славяно-русской библиографии", 3) "Летопись русской нумизматики" и 4) "Исследование о русском иконописании"
$j16 марта 1849 г. - 28 октября 1851 г.
215##$a76 л.
$d36,5х26 см
251##$cДело
300##$aНа обложке указано: "№64"
371##$aДокумент не является опубликованным и широко распространяемым
461#0$10012b5b8419-5ce4-4d16-a7a3-85720a295f1f
$12001
$aКанцелярия министра народного просвещения
$1251
$cФонд
$1852
$j735
462#0$1001562cc287-b13c-4f02-8029-f81535ba1e2e
$12001
$aКанцелярия министра народного просвещения
$1251
$cОпись
$1852
$j2
801#0$aRU
$bРГИА
$c20250424
$gRCR
801#1$aRU
$bГлавНИВЦ
$c20250424
$2rusmarc
801#2$aRU
$bПБ им. Б.Н. Ельцина
$c20251023
$gRCR
$2rusmarc
850##$aРГИА
852##$aРГИА
$eФедеральное казенное учреждение "Российский государственный исторический архив" (РГИА)
$j756
937##$hРГИА
$d12421675
$aASBIBLIO_SCAN
035##$aRusGRCC00085745
856##$uhttp://readingroom.main.prlib.ru/item.aspx?id_node=n198647422&mode=full
Формат отображения